000 00382ntaaa2200157 4500
003 01
005 20251027201916.0
008 0714s1973 ag 01
040 _aAR-BaBN
_bspa
_cAR-BaBN
_eaacr
_dRIC
082 _a244.1000 V42
100 _aVaretto, Juan C.
_97850
245 _aGedeón
250 _a1 ed. :
_bJunta Bautista de Publicaciones,
_cc1949
300 _a67 p.
942 _cBK
999 _c13796
_d13796